00841nam a2200241 a 450000100100000000500170001000800410002702000150006804000250008308200130010824500720012126000470019330000210024070000360026170000260029770000270032370000360035070000270038670000270041370000310044095201110047199900170058200004024520201002034016.0130820s1979 sp 000 0 spa d a8430011021 aDO-SdBNPbspacBNPHU axxxbxxx00aVida y obra de Marx y Engels. /cEnrique Tierno Galván, [et.al.]. aMadrid, España :bPablo Iglesias,c1979. a101 p. ;c22 cm.1 aTierno Galván, Enrique9315241 aElsner, Helmut9665131 aSotelo, Ignacio9665141 aL. Aranguren, José Luis946841 aParís, Carlos9665151 aDíaz, Elías9192881 aClaudín, Fernando952102 001050718MOaPDbPDcCTd2013-08-20iLF1l0oxxx xxxp40245-10r2020-06-25w2020-06-25y1ZNo se presta c39735d39735